[Event "POL-ChT2"]
[Site "Katowice POL"]
[Date "2010.09.11"]
[Round "8"]
[White "Oliwa, Marek"]
[Black "Miroslaw, Michal"]
[Result "0-1"]
[WhiteElo "2418"]
[BlackElo "2291"]
[EventDate "2010.09.04"]
[PlyCount "77"]

1.Nf3 {1} 1...d5 {1} 2.c4 {1} 2...dxc4 3.Qa4+ Nc6 4.Qxc4 e5 5.d3 Bd6 6.e3 
Nf6 7.a3 Be6 8.Qc2 O-O 9.Be2 Nd5 10.O-O f5 11.Nc3 Kh8 12.Bd2 Qe7 13.Rac1 
Rae8 14.Nb5 a6 15.Nxd6 cxd6 16.b4 Rc8 17.Qb2 b5 18.Rc2 Nb6 19.Rfc1 Qd7 20.
Ne1 Na4 21.Qb1 Bd5 22.Bc3 Qf7 23.Ba1 e4 24.Bf1 Rc7 {5} 25.g3 Rfc8 {]} 26.
dxe4 Bxe4 27.Bd3 Qe6 28.Bxe4 fxe4 29.Ng2 Nb6 30.Nf4 Qf5 31.Rd2 Nc4 32.Rd5 
N6e5 33.Bxe5 dxe5 34.Rcd1 Rf7 35.Rd8+ Rf8 36.Rxc8 Qxc8 37.Ng2 Qf5 38.Qa2 
Nxa3 39.Nh4 0-1

[Event "POL-ChT2"]
[Site "Katowice POL"]
[Date "2010.09.11"]
[Round "8"]
[White "Toma, Katarzyna"]
[Black "Michna, Marta"]
[Result "1/2-1/2"]
[WhiteElo "2245"]
[BlackElo "2399"]
[EventDate "2010.09.04"]
[PlyCount "85"]

1.e4 {0} 1...e6 {0} 2.d4 {0} 2...d5 3.Nc3 Nc6 4.Nf3 Nf6 5.e5 Ne4 6.Ne2 f6 
7.Ng3 fxe5 8.Bb5 exd4 9.Nxe4 dxe4 10.Nxd4 Qd5 11.Nxc6 a6 12.Ba4 Bd7 13.O-O
b5 14.Bb3 Qxd1 15.Rxd1 Bxc6 16.Bxe6 Bd6 17.Be3 Ke7 18.Bd5 Kd7 19.Kf1 Rae8 
20.c4 Bxd5 21.Rxd5 bxc4 22.Rc1 Rb8 23.Rd2 Rb4 24.a3 Ra4 25.g3 Rf8 26.Ke2 {
0} 26...Ke6 27.Bd4 Be5 28.Bxe5 Kxe5 29.Rd7 Rb8 30.Rc2 c3 31.Rxc3 Rxb2+ 32.
Ke3 Ra2 33.Rxg7 R2xa3 34.Re7+ Kd6 35.Rxc7 Rxc3+ 36.Rxc3 Kd5 37.h4 h5 38.
Rc2 Ra3+ 39.Kf4 Rf3+ 40.Kg5 e3 41.fxe3 Rxg3+ 42.Kxh5 Rxe3 43.Kg6 1/2-1/2

[Event "POL-ChT2"]
[Site "Katowice POL"]
[Date "2010.09.11"]
[Round "8"]
[White "Rudolf, Michal"]
[Black "Czyz, Artur"]
[Result "1-0"]
[WhiteElo "2372"]
[BlackElo "2088"]
[EventDate "2010.09.04"]
[PlyCount "63"]

1.d4 e6 2.e4 d5 3.Nc3 dxe4 4.Nxe4 Bd7 5.Nf3 Bc6 6.Bd3 Nd7 7.O-O Be7 8.c4 
Bxe4 9.Bxe4 c6 10.Qe2 Ngf6 11.Bc2 O-O 12.Rd1 Re8 13.Ne5 Nf8 14.Be3 N6d7 
15.Nf3 Bf6 16.Rac1 Qe7 17.Nd2 c5 18.dxc5 Nxc5 19.b4 Na6 20.Ne4 Bb2 21.Rb1 
Ba3 22.c5 Bxb4 23.c6 f5 24.cxb7 Rab8 25.Qxa6 fxe4 26.Bxe4 Bc5 27.Rbc1 Bxe3
28.fxe3 Qb4 29.Bf3 Rbd8 30.Qxa7 e5 31.Rxd8 Rxd8 32.Qc5 1-0

[Event "POL-ChT2"]
[Site "Katowice POL"]
[Date "2010.09.11"]
[Round "8"]
[White "Kalvaitis, Sigitas"]
[Black "Warszawski, Bartosz"]
[Result "1-0"]
[WhiteElo "2316"]
[BlackElo "2309"]
[EventDate "2010.09.04"]
[PlyCount "67"]

1.e4 c5 2.Nf3 e6 3.c3 Nf6 4.e5 Nd5 5.d4 cxd4 6.cxd4 d6 7.a3 Bd7 8.Bd3 Bc6 
9.O-O Nd7 10.b4 a6 11.Nbd2 Bb5 12.Ne4 dxe5 13.dxe5 Be7 14.Bb2 O-O 15.Bxb5 
axb5 16.Qd3 Qb6 17.Nc3 Nxc3 18.Qxd7 Nd5 19.Nd4 Rfd8 20.Qxb5 Qxb5 21.Nxb5 
Nf4 22.Rfd1 g5 23.g3 Nh3+ 24.Kg2 g4 25.Nd6 Rd7 26.Rd4 h5 27.f4 Bxd6 28.
exd6 Rc8 29.Rc1 Rcd8 30.Rcd1 b5 31.R4d3 f5 32.Be5 Kf7 33.Rc1 Rb7 34.Rc7+ 
1-0

[Event "POL-ChT2"]
[Site "Katowice POL"]
[Date "2010.09.11"]
[Round "8"]
[White "Kaim, Piotr"]
[Black "Swicarz, Maciej"]
[Result "1/2-1/2"]
[WhiteElo "2288"]
[BlackElo "2306"]
[EventDate "2010.09.04"]
[PlyCount "63"]

1.e4 c6 2.c4 d5 3.exd5 cxd5 4.cxd5 Nf6 5.Nc3 Nxd5 6.d4 e6 7.Nf3 g6 8.Bb5+ 
Bd7 9.Bxd7+ Nxd7 10.Nxd5 exd5 11.O-O f6 12.Bf4 Nb6 13.Rc1 Bd6 14.Bxd6 Qxd6
15.Qc2 O-O 16.Qc7 Qxc7 17.Rxc7 Rf7 18.Rfc1 Rxc7 19.Rxc7 Rc8 20.Rxc8+ Nxc8 
21.Kf1 Kf7 22.Ke2 Ke6 23.Kd3 Nd6 24.Nd2 Kd7 25.Nf1 Nf5 26.Ne3 Nxe3 27.Kxe3
h5 28.h4 Ke6 29.Kf4 Kf7 30.f3 Ke7 31.g4 Ke6 32.Ke3 1/2-1/2

[Event "POL-ChT2"]
[Site "Katowice POL"]
[Date "2010.09.11"]
[Round "8"]
[White "Cajbel, Maciej"]
[Black "Rams, Michal"]
[Result "1/2-1/2"]
[WhiteElo "2221"]
[BlackElo "2281"]
[EventDate "2010.09.04"]
[PlyCount "59"]

1.e4 g6 2.d4 Bg7 3.Nc3 d6 4.f4 a6 5.Nf3 b5 6.Bd3 Nd7 7.e5 c5 8.Be4 Rb8 9.
O-O cxd4 10.Qxd4 Qb6 11.Be3 Qxd4 12.Bxd4 Nc5 13.Bc6+ Bd7 14.Bxd7+ Kxd7 15.
Rad1 Ne6 16.exd6 Nxd4 17.dxe7 Nxe7 18.Nxd4 Kc8 19.Ne4 Rd8 20.Nb3 Bxb2 21.
Nd6+ Kc7 22.Nxf7 Rxd1 23.Rxd1 Rb6 24.Ng5 h6 25.Ne4 Nf5 26.Nec5 Rc6 27.g4 
Nd4 28.Nxd4 Bxd4+ 29.Rxd4 Rxc5 30.Rd2 1/2-1/2

[Event "POL-ChT2"]
[Site "Katowice POL"]
[Date "2010.09.11"]
[Round "8"]
[White "Chalupnik, Marcin"]
[Black "Hermanowicz, Dominika"]
[Result "1/2-1/2"]
[WhiteElo "2247"]
[BlackElo "2078"]
[EventDate "2010.09.04"]
[PlyCount "60"]

1.e4 e6 2.d4 d5 3.Nc3 dxe4 4.Nxe4 Nd7 5.Bd3 Ngf6 6.Qe2 c5 7.Nf3 cxd4 8.
Nxd4 Nxe4 9.Bxe4 Nc5 10.c3 Nxe4 11.Qxe4 Be7 12.Bf4 Qb6 13.O-O-O O-O 14.Rd3
f5 15.Qe2 Qa6 16.Be5 Qxa2 17.Rhd1 Bd7 18.Qh5 Bf6 19.Rh3 Bxe5 20.Qxh7+ Kf7 
21.Qh5+ Ke7 22.Qg5+ Bf6 23.Qf4 Qa1+ 24.Kc2 Ba4+ 25.b3 Bxb3+ 26.Nxb3 Qa2+ 
27.Kc1 Qa3+ 28.Kc2 Qa2+ 29.Kc1 Qa3+ 30.Kc2 Qa2+ 1/2-1/2

[Event "POL-ChT2"]
[Site "Katowice POL"]
[Date "2010.09.11"]
[Round "8"]
[White "Cagara, Paulina"]
[Black "Zajkowska, Olga"]
[Result "0-1"]
[WhiteElo "2070"]
[BlackElo "1819"]
[EventDate "2010.09.04"]
[PlyCount "138"]

1.Nf3 Nf6 2.g3 g6 3.Bg2 Bg7 4.O-O O-O 5.d4 d6 6.c4 Nbd7 7.Nc3 c6 8.e4 Qc7 
9.h3 e5 10.Be3 a6 11.Rc1 Rb8 12.a4 Re8 13.d5 c5 14.Qd2 Nf8 15.Bh6 N6d7 16.
Bxg7 Kxg7 17.Nh4 Nb6 18.b3 f6 19.f4 Nbd7 20.Rf2 Re7 21.Rcf1 Rf7 22.Nf3 Qd8
23.fxe5 fxe5 24.Ng5 Rxf2 25.Rxf2 Nf6 26.Kh2 h6 27.Nf3 Bd7 28.Bf1 N8h7 29.
Qe3 g5 30.Ne1 Qe8 31.Be2 Qg6 32.Ng2 Rf8 33.g4 Rh8 34.Qf3 Nf8 35.Ne3 h5 36.
Nf5+ Bxf5 37.exf5 hxg4 38.fxg6 gxf3 39.Rxf3 g4 40.Rg3 Rxh3+ 41.Rxh3 gxh3 
42.Kxh3 Nxg6 43.Kg3 Nf4 44.Bf1 Kg6 45.a5 Kf5 46.Kf3 e4+ 47.Ke3 Ng4+ 48.Kd2
e3+ 49.Kc2 Nh2 50.Bd3+ Nxd3 51.Kxd3 Ng4 52.Ke2 Kf4 53.Nd1 Ke4 54.Nc3+ Kd4 
55.Nd1 Ne5 56.Nxe3 Kc3 57.Nf5 Nf7 58.Ke3 Kxb3 59.Ke4 Kxc4 60.Ne3+ Kb5 61.
Kf5 c4 62.Ke6 Kc5 63.Kxf7 Kd4 64.Ke6 Kxe3 65.Kxd6 c3 66.Ke7 c2 67.d6 c1=Q 
68.d7 Qc5+ 69.Kd8 Qxa5+ 0-1

[Event "POL-ChT2"]
[Site "Katowice POL"]
[Date "2010.09.11"]
[Round "8"]
[White "Wojciechowski, Piotr"]
[Black "Staniszewski, Piotr"]
[Result "1/2-1/2"]
[WhiteElo "2305"]
[BlackElo "2404"]
[EventDate "2010.09.04"]
[PlyCount "149"]

1.e4 e5 2.Nf3 Nc6 3.Bb5 a6 4.Bxc6 dxc6 5.O-O Qd6 6.Na3 Be6 7.Qe2 f6 8.Rd1 
c5 9.c3 Bg4 10.Nc2 Qc6 11.d4 cxd4 12.cxd4 Bxf3 13.gxf3 Bd6 14.Be3 Ne7 15.
Na3 Ng6 16.Kh1 b5 17.d5 Qd7 18.Nc2 O-O 19.Ne1 f5 20.Rac1 f4 21.Bc5 Qh3 22.
Bxd6 cxd6 23.Ng2 Rf6 24.Rg1 Nf8 25.Ne1 Rh6 26.Rg2 Ng6 27.Qf1 Kf8 28.Qg1 
Rc8 29.Rc6 Rxc6 30.dxc6 Qc8 31.Rg5 Qxc6 32.Rf5+ Ke8 33.Ng2 Ne7 34.Rg5 g6 
35.Qd1 Rh5 36.Rxh5 gxh5 37.Ne1 Kf7 38.Nd3 Qc4 39.b3 Qc3 40.a3 Nc6 41.Nb4 
Nd4 42.Nxa6 Qxb3 43.Qxb3+ Nxb3 44.Nc7 Nd4 45.Kg2 Ke7 46.Nd5+ Kd7 47.a4 
bxa4 48.Nb6+ Kc6 49.Nxa4 h4 50.Nc3 h3+ 51.Kxh3 Nxf3 52.Kg2 Nd2 53.f3 Nc4 
54.Kf2 Nb6 55.Ke2 Kc5 56.Kd3 Kb4 57.Na2+ Kb5 58.Nc3+ Kc5 59.Nd1 Na4 60.Nf2
h5 61.Nh3 Nb2+ 62.Kc3 Nd1+ 63.Kd3 Ne3 64.Ng5 Nf1 65.h3 Kc6 66.Nh7 Kd7 67.
Nf6+ Ke6 68.Nxh5 Kf7 69.Ke2 Ne3 70.Ng3 fxg3 71.Kxe3 Kg6 72.Ke2 Kh5 73.Kf1 
Kg5 74.Kg1 Kh5 75.Kf1 1/2-1/2

[Event "POL-ChT2"]
[Site "Katowice POL"]
[Date "2010.09.11"]
[Round "8"]
[White "Janaszak, Dawid"]
[Black "Juroszek, Tadeusz"]
[Result "1/2-1/2"]
[WhiteElo "2318"]
[BlackElo "2365"]
[EventDate "2010.09.04"]
[PlyCount "91"]

1.e4 d6 2.d4 Nf6 3.Nc3 e5 4.Nge2 Be7 5.g3 c6 6.Bg2 b5 7.a3 Nbd7 8.O-O Bb7 
9.h3 a5 10.g4 b4 11.Nb1 d5 12.Nd2 O-O 13.dxe5 Nxe5 14.Ng3 Re8 15.f4 Ng6 
16.e5 Nd7 17.Nf3 Bc5+ 18.Kh2 Ba6 19.Rh1 Qc7 20.Bf1 Bxf1 21.Rxf1 bxa3 22.
bxa3 Nb6 23.h4 Nc4 24.h5 Nf8 25.Qd3 f6 26.exf6 gxf6 27.Nf5 Re4 28.Ng3 Ree8
29.Nf5 Ne6 30.Kg3 Bf8 31.Rb1 Nc5 32.Qd4 Re2 33.Kh4 Rae8 34.Qxf6 R8e6 35.
Qd4 Ne4 36.Kh3 Rxc2 37.a4 Nc3 38.Qd3 Rxc1 39.Rbxc1 Ne2 40.Rxc4 Nxf4+ 41.
Kh4 Ng2+ 42.Kh3 Nf4+ 43.Kh2 Nxd3+ 44.Kh1 Qd7 45.N3d4 Re4 46.Rxc6 {
[nieczyt]} 1/2-1/2

[Event "POL-ChT2"]
[Site "Katowice POL"]
[Date "2010.09.11"]
[Round "8"]
[White "Flasinski, Michal"]
[Black "Dudzinski, Piotr"]
[Result "1-0"]
[WhiteElo "2214"]
[BlackElo "2318"]
[EventDate "2010.09.04"]
[PlyCount "43"]

1.d4 d5 2.c4 e6 3.Nf3 c6 4.Nbd2 Nd7 5.g3 f5 6.Bg2 Bd6 7.O-O Ngf6 8.b3 O-O 
9.a4 Qe7 10.a5 Ne4 11.Bb2 Kh8 12.Ne5 Nxe5 13.dxe5 Bb4 14.Nb1 Rd8 15.Qc2 
Bd7 16.Ba3 Be8 17.Bxb4 Qxb4 18.Ra4 Qc5 19.Nc3 Nxc3 20.Qxc3 d4 21.Qb4 Qxe5 
22.Qf8# 1-0

[Event "POL-ChT2"]
[Site "Katowice POL"]
[Date "2010.09.11"]
[Round "8"]
[White "Dudzinski, Pawel"]
[Black "Wandzik, Wojciech"]
[Result "1/2-1/2"]
[WhiteElo "2275"]
[BlackElo "2199"]
[EventDate "2010.09.04"]
[PlyCount "125"]

1.e4 c6 2.d4 d5 3.exd5 cxd5 4.Bd3 Nc6 5.c3 Nf6 6.Ne2 g6 7.O-O Bg7 8.Re1 
O-O 9.Ng3 e5 10.dxe5 Ng4 11.Na3 Qb6 12.Rf1 Be6 13.Nc2 Rac8 14.Be2 Ngxe5 
15.Kh1 f5 16.f4 Nc4 17.b3 Nd6 18.Bb2 Rfd8 19.Bd3 Nc4 20.Bc1 Bxc3 21.Qe2 
Nd4 22.Nxd4 Bxd4 23.Rb1 Na5 24.Bb2 Re8 25.Qd1 Nc6 26.Bxd4 Qxd4 27.Ne2 Qf6 
28.Bb5 Bf7 29.Rc1 Re4 30.Nc3 Rd4 31.Qf3 Ne7 32.Bd3 Rb4 33.Ne2 Rxc1 34.Rxc1
Nc6 35.Qe3 Qb2 36.Rc2 Qa1+ 37.Ng1 Qd4 38.Qxd4 Rxd4 39.Bb5 Be8 40.g3 Re4 
41.Nf3 Re6 42.Kg1 a6 43.Bxc6 Bxc6 44.Nd4 Rd6 45.Kf2 Kf7 46.h4 h5 47.Ke3 
Ke7 48.Nf3 Re6+ 49.Ne5 Kd6 50.Kd4 Rf6 51.Rc5 Re6 52.a4 Rf6 53.a5 Re6 54.b4
Rf6 55.Rc1 Re6 56.Re1 Be8 57.Re3 Re7 58.Rc3 Bc6 59.Rc1 Re6 60.Re1 Be8 61.
Re3 Re7 62.Rc3 Bc6 63.Rc1 1/2-1/2

[Event "POL-ChT2"]
[Site "Katowice POL"]
[Date "2010.09.11"]
[Round "8"]
[White "Gola, Karol"]
[Black "Wlodarczyk, Oskar"]
[Result "1-0"]
[WhiteElo "2211"]
[BlackElo "2318"]
[EventDate "2010.09.04"]
[PlyCount "103"]

1.e4 e5 2.Nf3 d6 3.d4 Nd7 4.Bc4 c6 5.O-O Be7 6.dxe5 dxe5 7.Ng5 Bxg5 8.Qh5 
Qe7 9.Qxg5 Ngf6 10.Nc3 O-O 11.a4 Re8 12.Qe3 Nf8 13.b3 Be6 14.Ba3 Qc7 15.
Be2 b6 16.Rfd1 Rad8 17.a5 Bc8 18.axb6 axb6 19.Na4 c5 20.Bb5 Re6 21.Rd3 Rd4
22.f3 Nh5 23.Rad1 Rg6 24.R3d2 Nf4 25.g3 Nh5 26.Bb2 Rxd2 27.Qxd2 Qe7 28.Qd8
Qe6 29.g4 Rxg4+ 30.fxg4 Qxg4+ 31.Kf2 Qf4+ 32.Ke1 Qe3+ 33.Be2 Nf4 34.Qd2 
Qxe4 35.Nc3 Qh1+ 36.Bf1 Bg4 37.Ra1 N8e6 38.Nd1 Be2 39.Ne3 Nd4 40.Bxd4 exd4
41.c3 d3 42.Qa2 Bf3 43.Qa7 g5 44.Qb8+ Kg7 45.Qe5+ Kg6 46.Qf5+ Kh6 47.Qf6+ 
Kh5 48.Qxf7+ Kh4 49.Qxh7+ Bh5 50.Nf5+ Kg4 51.h3+ Nxh3 52.Qxh5+ 1-0

[Event "POL-ChT2"]
[Site "Katowice POL"]
[Date "2010.09.11"]
[Round "8"]
[White "Magnucka, Milena"]
[Black "Szydlowska-Duda, Marta"]
[Result "1/2-1/2"]
[WhiteElo "2061"]
[BlackElo "2063"]
[EventDate "2010.09.04"]
[PlyCount "145"]

1.e4 d5 2.exd5 Qxd5 3.Nc3 Qa5 4.d4 Nf6 5.Nf3 Bg4 6.h3 Bh5 7.g4 Bg6 8.Ne5 
e6 9.h4 Nbd7 10.Nc4 Qa6 11.h5 Be4 12.Nxe4 Nxe4 13.Qf3 Qc6 14.Bd3 Bb4+ 15.
Ke2 Nd6 16.Qxc6 bxc6 17.Ne5 Nb8 18.a3 Ba5 19.c4 f6 20.Nf3 Nd7 21.c5 Nb5 
22.Bxb5 cxb5 23.b4 Bb6 24.cxb6 Nxb6 25.Bf4 Nd5 26.Bg3 a5 27.bxa5 Rxa5 28.
h6 g5 29.Rhc1 Kd7 30.Ne1 Rha8 31.Nc2 c6 32.f3 Ra4 33.Kd2 Nb6 34.Kd3 Nc4 
35.Be1 Nxa3 36.Rxa3 Rxa3+ 37.Nxa3 Rxa3+ 38.Rc3 Ra1 39.Ke2 Ra4 40.Kd3 Ra1 
41.Bd2 Rh1 42.Ra3 Rxh6 43.Ra7+ Ke8 44.Rc7 Rh3 45.Ke4 h5 46.gxh5 Rxh5 47.
Rxc6 Kd7 48.Rb6 Rh4+ 49.Ke3 Rh3 50.Rb7+ Kc6 51.Rf7 f5 52.Re7 Kd5 53.Rd7+ 
Kc6 54.Re7 Kd5 55.Rc7 f4+ 56.Ke2 Kxd4 57.Bc3+ Kd5 58.Bf6 Rh2+ 59.Kf1 Rh3 
60.Kg2 Rg3+ 61.Kf2 g4 62.fxg4 Rxg4 63.Kf3 Rg6 64.Rd7+ Kc6 65.Rf7 b4 66.
Kxf4 b3 67.Bc3 Rg2 68.Ke5 Re2+ 69.Kd4 b2 70.Rf1 Rh2 71.Rb1 Rh4+ 72.Ke3 
Rh3+ 73.Kf4 1/2-1/2

[Event "POL-ChT2"]
[Site "Katowice POL"]
[Date "2010.09.11"]
[Round "8"]
[White "Stryjecki, Marek"]
[Black "Maksimenko, Andrei"]
[Result "1/2-1/2"]
[WhiteElo "2422"]
[BlackElo "2544"]
[EventDate "2010.09.04"]
[PlyCount "71"]

1.g3 d5 2.Nf3 Nf6 3.Bg2 e6 4.O-O Be7 5.c4 O-O 6.d4 c6 7.Qc2 Nbd7 8.Nbd2 b6
9.e4 Bb7 10.e5 Ne8 11.cxd5 cxd5 12.Re1 Qc7 13.Qb3 a5 14.Nf1 Rc8 15.Bd2 Qc4
16.Qd1 Ba6 17.Ne3 Qc6 18.Rc1 Qb7 19.Qa4 Nb8 20.Rxc8 Qxc8 21.Rc1 Qb7 22.Qc2
Bb5 23.h4 Na6 24.Qb3 Nec7 25.Bf1 Bxf1 26.Nxf1 Rb8 27.Ne3 Qc8 28.h5 h6 29.
Ng4 Qd7 30.Bf4 Qb5 31.Qc2 Ne8 32.a3 Rb7 33.Qc8 Rb8 34.Qc2 Rb7 35.Qc8 Rb8 
36.Qc2 1/2-1/2

[Event "POL-ChT2"]
[Site "Katowice POL"]
[Date "2010.09.11"]
[Round "8"]
[White "Grabarczyk, Miroslaw"]
[Black "Walach, Marcin"]
[Result "1-0"]
[WhiteElo "2475"]
[BlackElo "2371"]
[EventDate "2010.09.04"]
[PlyCount "83"]

1.d4 d5 2.c4 e6 3.Nf3 Nf6 4.g3 Be7 5.Bg2 O-O 6.O-O c6 7.Nbd2 Nbd7 8.Qc2 b6
9.e4 dxe4 10.Nxe4 Nxe4 11.Qxe4 Bb7 12.Rd1 Qc8 13.Qe2 Re8 14.Bg5 Bf8 15.c5 
bxc5 16.dxc5 Nxc5 17.Rac1 e5 18.Be3 Ba6 19.Qc2 Nd3 20.Ng5 h6 21.Be4 hxg5 
22.Bxd3 Bxd3 23.Rxd3 Qe6 24.Qc4 Qf5 25.Rdc3 Re6 26.Qe2 a5 27.Qc2 Qxc2 28.
R1xc2 Ra6 29.Bxg5 Rd6 30.Rb3 f6 31.Be3 Kf7 32.Kg2 Rd7 33.Rb8 Bd6 34.Rb6 
Rxb6 35.Bxb6 c5 36.b3 a4 37.bxa4 Ke6 38.a5 Kd5 39.a6 Kc6 40.a7 Kb7 41.Rd2 
c4 42.Bc5 1-0

[Event "POL-ChT2"]
[Site "Katowice POL"]
[Date "2010.09.11"]
[Round "8"]
[White "Wieczorek, Zbigniew"]
[Black "Krysztofiak, Marcin"]
[Result "1-0"]
[WhiteElo "2315"]
[BlackElo "2463"]
[EventDate "2010.09.04"]
[PlyCount "131"]

1.e4 c6 2.d3 d5 3.Nd2 g6 4.Ngf3 Bg7 5.g3 e5 6.Bg2 Ne7 7.O-O O-O 8.b4 a5 9.
bxa5 Qxa5 10.Bb2 d4 11.a4 Qc7 12.c3 c5 13.cxd4 exd4 14.Nc4 Be6 15.Qb3 Nbc6
16.Ng5 Bxc4 17.Qxc4 Ne5 18.Qc2 N7c6 19.Ba3 b6 20.Rfb1 Ra6 21.Bc1 h6 22.Nf3
Nxf3+ 23.Bxf3 Qa7 24.Bd1 Rc8 25.Bd2 Qd7 26.Qc4 Rca8 27.f4 Nd8 28.Ra2 Kh7 
29.Rab2 Qc7 30.Qd5 Nc6 31.e5 Rb8 32.Bf3 Na5 33.h4 h5 34.Rb5 Rd8 35.Qe4 c4 
36.Bxa5 Rxa5 37.Rxa5 bxa5 38.Rb7 Qc8 39.Rxf7 Qh3 40.Kf2 Rb8 41.Rb7 Rxb7 
42.Qxb7 cxd3 43.Qe4 d2 44.Qd3 Bf8 45.Qxd2 Qc8 46.Qd3 Qc3 47.Be4 Qxd3 48.
Bxd3 Kg7 49.Kf3 Bb4 50.g4 hxg4+ 51.Kxg4 Kh6 52.f5 gxf5+ 53.Kxf5 Be1 54.Kf6
Bxh4+ 55.Kf7 Kg5 56.e6 Kf4 57.e7 Bxe7 58.Kxe7 Ke3 59.Bg6 d3 60.Kd6 Kd4 61.
Kc6 Kc4 62.Bh5 d2 63.Kb6 Kd5 64.Kxa5 Kc6 65.Bd1 Kc7 66.Kb4 1-0

[Event "POL-ChT2"]
[Site "Katowice POL"]
[Date "2010.09.11"]
[Round "8"]
[White "Borgula, Rafal"]
[Black "Obrusnik, Michal"]
[Result "1-0"]
[WhiteElo "2314"]
[BlackElo "2210"]
[EventDate "2010.09.04"]
[PlyCount "53"]

1.Nf3 Nf6 2.d4 g6 3.Bf4 Bg7 4.Nbd2 d6 5.h3 O-O 6.e3 Nbd7 7.Be2 Re8 8.O-O 
e5 9.Bh2 e4 10.Ne1 Nf8 11.c3 h5 12.Nc2 N8h7 13.c4 Ng5 14.Kh1 Bf5 15.b4 Qd7
16.Rg1 d5 17.c5 Kh7 18.b5 Rh8 19.Nb4 Kg8 20.Rf1 Bxh3 21.gxh3 Qxh3 22.Rg1 
Ng4 23.Rg2 f5 24.Nxd5 Qh4 25.Nf4 Nxf2+ 26.Rxf2 Qxf2 27.Qg1 1-0

[Event "POL-ChT2"]
[Site "Katowice POL"]
[Date "2010.09.11"]
[Round "8"]
[White "Orzechowski, Jacek"]
[Black "Robak, Zbigniew"]
[Result "1-0"]
[WhiteElo "2283"]
[BlackElo "2278"]
[EventDate "2010.09.04"]
[PlyCount "53"]

1.c4 e6 2.e4 d5 3.exd5 exd5 4.d4 Nf6 5.Nc3 Be7 6.Nf3 O-O 7.Bd3 dxc4 8.Bxc4
a6 9.O-O b5 10.Bb3 Nc6 11.Re1 Bg4 12.Be3 Na5 13.Bc2 Nc4 14.Bg5 h6 15.Bh4 
g5 16.Bg3 Bb4 17.Bb3 Nxb2 18.Qb1 Bxf3 19.Qg6+ Kh8 20.Qxh6+ Kg8 21.Qg6+ Kh8
22.Qh6+ Kg8 23.Be5 Be7 24.Qg6+ Kh8 25.Qh6+ Kg8 26.Bc2 Bh5 27.Bxf6 1-0

[Event "POL-ChT2"]
[Site "Katowice POL"]
[Date "2010.09.11"]
[Round "8"]
[White "Weglarz, Joanna"]
[Black "Cherednichenko, Svetlana"]
[Result "1/2-1/2"]
[WhiteElo "2037"]
[BlackElo "2285"]
[EventDate "2010.09.04"]
[PlyCount "102"]

1.e4 e5 2.Nf3 d6 3.d4 exd4 4.Nxd4 Nf6 5.Nc3 Be7 6.Bc4 O-O 7.Bb3 Nbd7 8.O-O
Nc5 9.Re1 Nxb3 10.axb3 c5 11.Nde2 Re8 12.Nf4 Bf8 13.f3 a6 14.Be3 Nd7 15.
Nfd5 Rb8 16.Qd2 Ne5 17.Bg5 f6 18.Bh4 Be6 19.Nd1 Ng6 20.Bg3 f5 21.exf5 Bxf5
22.N1e3 Be6 23.Rad1 Bf7 24.Ng4 Rxe1+ 25.Rxe1 h5 26.Nge3 h4 27.Bf2 Qg5 28.
Rd1 h3 29.Ng4 Qxd2 30.Rxd2 hxg2 31.Nge3 Ne5 32.Kxg2 Bh5 33.f4 Nf3 34.Rd3 
Nd4 35.b4 Bg6 36.Rd2 Be4+ 37.Kg3 Kf7 38.bxc5 dxc5 39.Nc3 Bc6 40.Nc4 Nf5+ 
41.Kg4 Nh6+ 42.Kg3 Kg8 43.Ne5 Be8 44.Nd7 Rc8 45.Ne4 Be7 46.Nexc5 Bg6 47.
Kf3 Bh5+ 48.Kg2 Bg6 49.Kf3 Bh5+ 50.Kg2 Bg6 51.Kf3 Bh5+ 1/2-1/2

[Event "POL-ChT2"]
[Site "Katowice POL"]
[Date "2010.09.12"]
[Round "9"]
[White "Maksimenko, Andrei"]
[Black "Jedynak, Radoslaw"]
[Result "1/2-1/2"]
[WhiteElo "2544"]
[BlackElo "2492"]
[EventDate "2010.09.04"]
[PlyCount "27"]

1.e4 e5 2.Nf3 Nc6 3.Bb5 a6 4.Ba4 Nf6 5.O-O Be7 6.Re1 d6 7.c3 b5 8.Bb3 O-O 
9.h3 Bb7 10.d4 Re8 11.Ng5 Rf8 12.Nf3 Re8 13.Ng5 Rf8 14.Nf3 1/2-1/2

[Event "POL-ChT2"]
[Site "Katowice POL"]
[Date "2010.09.12"]
[Round "9"]
[White "Shkapenko, Pavel"]
[Black "Grabarczyk, Miroslaw"]
[Result "1/2-1/2"]
[WhiteElo "2426"]
[BlackElo "2475"]
[EventDate "2010.09.04"]
[PlyCount "59"]

1.e4 e5 2.Nf3 Nf6 3.Nxe5 d6 4.Nf3 Nxe4 5.d3 Nf6 6.d4 d5 7.Bd3 Be7 8.O-O 
O-O 9.Bf4 Bg4 10.Nbd2 Nbd7 11.c3 c6 12.Qc2 Bh5 13.Rfe1 Bg6 14.Bxg6 hxg6 
15.Bc7 Qxc7 16.Rxe7 Rfe8 17.Rae1 Rxe7 18.Rxe7 Re8 19.Rxe8+ Nxe8 20.Qd1 Nd6
21.Qe2 Qd8 22.g3 Kf8 23.Kf1 Qe7 24.Qxe7+ Kxe7 25.Ke2 f6 26.Kd3 g5 27.h4 
gxh4 28.Nxh4 g5 29.Nhf3 Ke6 30.Ne1 1/2-1/2

[Event "POL-ChT2"]
[Site "Katowice POL"]
[Date "2010.09.12"]
[Round "9"]
[White "Skalski, Michal"]
[Black "Borgula, Rafal"]
[Result "1/2-1/2"]
[WhiteElo "2447"]
[BlackElo "2314"]
[EventDate "2010.09.04"]
[PlyCount "60"]

1.d4 d5 2.c4 c6 3.Nc3 Nf6 4.cxd5 cxd5 5.Nf3 Nc6 6.Bf4 Bf5 7.e3 e6 8.Bd3 
Bxd3 9.Qxd3 Bd6 10.Bxd6 Qxd6 11.O-O O-O 12.Rac1 Rac8 13.h3 h6 14.Nd2 Nd7 
15.a3 a6 16.Ne2 Ne7 17.Rxc8 Rxc8 18.Rc1 Rc6 19.Rxc6 Qxc6 20.Qc3 Qxc3 21.
Nxc3 Nc6 22.Kf1 Kf8 23.Ke2 Ke7 24.Kd3 Kd6 25.b4 b5 26.Nb3 Nb6 27.Nc5 Nc4 
28.Nxa6 Nxa3 29.h4 h5 30.g3 g6 1/2-1/2

[Event "POL-ChT2"]
[Site "Katowice POL"]
[Date "2010.09.12"]
[Round "9"]
[White "Robak, Zbigniew"]
[Black "Kuzmicz, Krystian"]
[Result "1/2-1/2"]
[WhiteElo "2278"]
[BlackElo "2407"]
[EventDate "2010.09.04"]
[PlyCount "39"]

1.e4 c6 2.c4 d5 3.exd5 cxd5 4.cxd5 Nf6 5.Nc3 Nxd5 6.Nf3 e6 7.Bc4 Nc6 8.O-O
Be7 9.d4 O-O 10.Re1 a6 11.Bb3 Re8 12.Qe2 b5 13.Qe4 Nf6 14.Qxc6 Bd7 15.Qb7 
Rb8 16.Qxa6 Ra8 17.Qb7 Rb8 18.Qa6 Ra8 19.Qb7 Rb8 20.Qa6 1/2-1/2

[Event "POL-ChT2"]
[Site "Katowice POL"]
[Date "2010.09.12"]
[Round "9"]
[White "Gasik, Anna"]
[Black "Weglarz, Joanna"]
[Result "1/2-1/2"]
[WhiteElo "2203"]
[BlackElo "2037"]
[EventDate "2010.09.04"]
[PlyCount "59"]

1.e4 c5 2.Nf3 d6 3.d4 cxd4 4.Qxd4 Nc6 5.Bb5 Qa5+ 6.Nc3 Qxb5 7.Nxb5 Nxd4 8.
Nfxd4 Kd8 9.Be3 Bd7 10.Nc3 e6 11.O-O-O a6 12.f4 Kc7 13.Rhf1 Nf6 14.h3 Bc6 
15.e5 Nd5 16.Nxd5+ Bxd5 17.Rf2 Be7 18.Kb1 Rhd8 19.a4 b6 20.g3 Rac8 21.b3 
Kb7 22.Kb2 Be4 23.c3 Rd7 24.Re1 dxe5 25.fxe5 Bc5 26.b4 Bxd4 27.Bxd4 Bd3 
28.Re3 Bg6 29.Re1 h5 30.Rg1 1/2-1/2

[Event "POL-ChT2"]
[Site "Katowice POL"]
[Date "2010.09.12"]
[Round "9"]
[White "Staniszewski, Piotr"]
[Black "Stryjecki, Marek"]
[Result "1/2-1/2"]
[WhiteElo "2404"]
[BlackElo "2422"]
[EventDate "2010.09.04"]
[PlyCount "123"]

1.d4 g6 2.c4 Bg7 3.Nf3 d6 4.g3 e5 5.Nc3 Nc6 6.d5 Nce7 7.Bg2 f5 8.O-O Nf6 
9.c5 O-O 10.cxd6 cxd6 11.Qb3 h6 12.Rd1 Kh8 13.Nd2 g5 14.Nc4 f4 15.e4 fxe3 
16.Nxe3 Ng4 17.Ne4 Nxe3 18.Bxe3 Nf5 19.Rac1 Nd4 20.Bxd4 exd4 21.Qb4 Be5 
22.Rxd4 a5 23.Qd2 Bxd4 24.Qxd4+ Kg8 25.Rc3 Bf5 26.h4 Rf7 27.hxg5 hxg5 28.
Qe3 Bxe4 29.Qxe4 Kg7 30.Bh3 Qf6 31.Rc2 Re7 32.Be6 Rf8 33.Kg2 Kh8 34.a3 Rg7
35.Bg4 Qg6 36.Qxg6 Rxg6 37.Rc3 Rgf6 38.f3 R6f7 39.Be6 Rh7 40.Rb3 Rc7 41.
Rb6 Rd8 42.Kh3 Kg7 43.Kg4 Kg6 44.f4 gxf4 45.gxf4 Kf6 46.b3 Rh7 47.Kg3 Re7 
48.Kg4 Rc7 49.a4 Rh7 50.Kg3 Re7 51.Kg4 Rc7 52.Kg3 Ke7 53.Kg4 Rh8 54.Rb5 
Kf6 55.Rb6 Rg7+ 56.Kf3 Rd8 57.Ke4 Rc7 58.Kd4 Ke7 59.Ke4 Kf6 60.Kd4 Ke7 61.
Ke4 Kf6 62.Kd4 1/2-1/2

[Event "POL-ChT2"]
[Site "Katowice POL"]
[Date "2010.09.12"]
[Round "9"]
[White "Walach, Marcin"]
[Black "Janaszak, Dawid"]
[Result "0-1"]
[WhiteElo "2371"]
[BlackElo "2318"]
[EventDate "2010.09.04"]
[PlyCount "76"]

1.e4 c5 2.c3 Nf6 3.e5 Nd5 4.d4 cxd4 5.Nf3 Nc6 6.cxd4 d6 7.Bc4 Nb6 8.Bb5 
dxe5 9.Nxe5 Bd7 10.Nxd7 Qxd7 11.Nc3 e6 12.O-O Be7 13.Qg4 O-O 14.Rd1 a6 15.
Bh6 Bf6 16.Ne4 Qe7 17.Nxf6+ Qxf6 18.Bg5 Qg6 19.Bd3 f5 20.Qh4 h6 21.Be7 
Nxe7 22.Qxe7 Nd5 23.Qd6 Rac8 24.Rac1 Kh7 25.g3 Rfd8 26.Qe5 Rxc1 27.Rxc1 
Nb4 28.Bf1 Nc6 29.Qc7 Qg5 30.Rc3 Nxd4 31.Qxb7 e5 32.h4 Qg4 33.Kh2 Qd1 34.
Bh3 e4 35.Kg2 Kh8 36.Rc8 Qf3+ 37.Kg1 Ne2+ 38.Kh2 Qxf2+ 0-1

[Event "POL-ChT2"]
[Site "Katowice POL"]
[Date "2010.09.12"]
[Round "9"]
[White "Dudzinski, Piotr"]
[Black "Wieczorek, Zbigniew"]
[Result "1-0"]
[WhiteElo "2318"]
[BlackElo "2315"]
[EventDate "2010.09.04"]
[PlyCount "77"]

1.e4 g6 2.d4 Bg7 3.Nf3 d6 4.Bd3 Nd7 5.O-O e5 6.Be3 Ngf6 7.h3 O-O 8.c3 Re8 
9.dxe5 dxe5 10.Qc2 b6 11.Nbd2 Bb7 12.a4 a5 13.b4 Bf8 14.Rfb1 Ba6 15.Nc4 
Bg7 16.Qe2 Bxc4 17.Bxc4 Qe7 18.Nd2 Red8 19.f3 Nh5 20.Kh2 Nf4 21.Qf1 Nf6 
22.bxa5 Rxa5 23.Nb3 Raa8 24.a5 N6h5 25.g3 Ne6 26.axb6 cxb6 27.Bxb6 Rdc8 
28.Be3 Ng5 29.Rxa8 Rxa8 30.Nd2 Rc8 31.Qd3 Qf6 32.Kg2 Rd8 33.Bd5 Ne6 34.Qc4
Nef4+ 35.gxf4 exf4 36.Bf2 Qg5+ 37.Kh2 Ng3 38.Bxf7+ Kh8 39.Bd5 1-0